000 00667nam a2200205 i 4500
001 66874
003 ES-MaACL
005 20230906165854.0
007 t|
008 040416s2000 no ||||1| eng d
020 _a92-9006-01-1
080 _a355.19
245 0 0 _aPeace is possible
_b: choosing our common future : human security or military destruction? /
_cFredrik S. Heffermehl (editor).
260 _aOslo :
_bInternational Peace Bureau,
_c[2000]
300 _a146 p. :
_bfot., retr. ;
_c21 cm.
650 1 4 _aPaz.
_915898
700 1 _aHeffermehl, Fredrik S.
_962311
710 2 _aInternational Peace Bureau.
_95276
852 _aES-MaACL
_jL-27346
_bR.132940
999 _c66874
_d66874